| 000 | 00486nam a2200169Ia 4500 | ||
|---|---|---|---|
| 008 | 230917s9999||||xx |||||||||||||| ||und|| | ||
| 020 | _cGBP22.99 | ||
| 040 |
_e256622 _aMAIN |
||
| 041 | _aEnglish | ||
| 082 | _a300.72 B127H | ||
| 100 | _aBackhouse, Roger E, ed. | ||
| 245 | 0 | _aHistoriography of the modern social sciences | |
| 260 |
_aCambridge _bCambridge University Press _c2018 |
||
| 300 | _aix, 248 p. | ||
| 500 | _a3555 24/07/2019 RK19/973 06/08/2019 Main Budget | ||
| 942 | _cBK | ||
| 999 |
_c32057 _d32057 |
||